Kết cấu bêtông cốt thép : Phần kết cấu đặc biệt
Sách cung cấp cho bạn đọc những vấn đề cơ bản về nguyên lý làm việc của bê tông cốt thép, những nguyên tắc chung về cấu tạo và tính toán cấu kiện bê tông cốt thép, đồng thời đi sâu vào phần kết cấu đặc biệt....
Wedi'i Gadw mewn:
| Prif Awdur: | |
|---|---|
| Fformat: | Llyfr |
| Iaith: | Undetermined |
| Cyhoeddwyd: |
Hà Nội
Khoa học và Kỹ thuật
2005
|
| Pynciau: | |
| Tagiau: |
Ychwanegu Tag
Dim Tagiau, Byddwch y cyntaf i dagio'r cofnod hwn!
|
| Thư viện lưu trữ: | Trung tâm Học liệu Trường Đại học Cần Thơ |
|---|
| LEADER | 01047nam a2200217Ia 4500 | ||
|---|---|---|---|
| 001 | CTU_149107 | ||
| 008 | 210402s9999 xx 000 0 und d | ||
| 020 | |c 30000 | ||
| 082 | |a 624.1834 | ||
| 082 | |b C561 | ||
| 100 | |a Lý, Trần Cường | ||
| 245 | 0 | |a Kết cấu bêtông cốt thép : | |
| 245 | 0 | |b Phần kết cấu đặc biệt | |
| 245 | 0 | |c Lý Trần Cường (Chủ biên) ; Ngô Thế Phong, Đinh Chính Đạo, Phan Quang Minh | |
| 260 | |a Hà Nội | ||
| 260 | |b Khoa học và Kỹ thuật | ||
| 260 | |c 2005 | ||
| 520 | |a Sách cung cấp cho bạn đọc những vấn đề cơ bản về nguyên lý làm việc của bê tông cốt thép, những nguyên tắc chung về cấu tạo và tính toán cấu kiện bê tông cốt thép, đồng thời đi sâu vào phần kết cấu đặc biệt. | ||
| 650 | |a Concrete construction | ||
| 904 | |i Giang | ||
| 980 | |a Trung tâm Học liệu Trường Đại học Cần Thơ | ||